000 00539nam a22001817a 4500
003 UA-OsUOA
001 13256
007 ta
008 20030423b un ||||| |||| 00| 0 ukr d
100 _aВласюк М.
942 _cSA
040 _aUA-OsUOA
_cUA-OsUOA
_dUA-OsUOA
245 _aДопомагаємо тим, хто хоче працювати
_b/Розмову вів О.Ліфун
300 _aС.6
955 _a0
773 0 _w0
_tНова Волинь
_dРівне
_d2003
_g№16/17 квіт./
650 7 _aЗайнятість
_2UDC
999 _c299417
_d299417